Mausua al-sanaat al-zaraiyat wa ghazaiya wa al-baiyat (Record no. 1465770)

MARC details
000 -LEADER
fixed length control field 00286 a2200109 4500
000 - LEADER
fixed length control field nam a22 7a 4500
005 - DATE AND TIME OF LATEST TRANSACTION
control field 20251203111007.0
100 ## - MAIN ENTRY--PERSONAL NAME
Personal name Dajvi, Ali
9 (RLIN) 853996
245 ## - TITLE STATEMENT
Title Mausua al-sanaat al-zaraiyat wa ghazaiya wa al-baiyat
260 ## - PUBLICATION, DISTRIBUTION, ETC.
Name of publisher, distributor, etc. Madbouly books
Date of publication, distribution, etc. 2008
942 ## - ADDED ENTRY ELEMENTS (KOHA)
Koha item type Textbook
Holdings
Withdrawn status Lost status Source of classification or shelving scheme Damaged status Not for loan Home library Current library Date acquired Source of acquisition Cost, normal purchase price Total Checkouts Date last seen Cost, replacement price Price effective from Koha item type
    Colon Classification (CC)     Arts Library Arts Library 2025-12-19 48 1440.00   2025-12-19 1800.00 2025-12-19 Textbook
Copyright @ Delhi University Library System